000 00653nam a2200193Ii 4500
003 JO-AjNU
008 230605s9999||||xx |||||||||||||| ||und||
040 _aJO-AjNU
_bara
_erda
_cJO-AjNU
041 _aara
050 1 4 _aBP144 2004
100 3 _aالزيد،زيد بن عبد الكريم,
_eauthor
_933760
245 0 0 _aمقدمة في القانون الدولي الإنساني في الإسلام
264 3 1 _a د.م: الصليب الاحمر، 2004
300 _a90ص
336 _atext
_btxt
_2rdacontent
337 _aunmediated
_bn
_2rdamedia
338 _avolume
_bnc
_2rdacarrier
650 4 _aالاسلام- قانون دولي
_933761
999 _aA13773
_c17341
_d17341